000
00303nam a22001337a 4500
020
_a
81-87349-03-4
082
_a
823
_b
BHA/C
100
_a
BHATIA, S
245
_a
CLASSIC TALES FOR CHILDREN
260
_a
DELHI
_b
ARORA BOOK COMPANY
300
_a
47
650
_a
CHILDRENS STORY BOOK
_z
INDIA
942
_c
BK
999
_c
8075
_d
8075